000 00942nab a2200277 4500
003 BR-BrBNA
005 20240815095448.0
008 240812b bl.||||| |||| 00| 0 por d
040 _aBR-BrBNA
_bpor
072 _aL01 ; Q02 ; Q60
_b5213 ; 9702 ; 9730 ; 8968
100 _aOliveira, Antônio
245 _aFórum discute fortalecimento do setor carne-coureiro
_bAgropecuária
500 _a2 illus.
650 _aGADO DE CORTE
650 _aCARNE
650 _aCOURO
650 _aINDÚSTRIA DE CARNE
650 _aINDÚSTRIA DE CURTUME
650 _aCADEIA PRODUTIVA
650 _aPROCESSAMENTO
650 _aCOMERCIALIZAÇÃO
650 _aTOCANTINS
773 0 _04604
_9317181
_dPalmas - Tocantins Terranova Gráfica e Editora Jornalística Ltda 2005
_o2024-3805
_tCerrado Rural Agronegócios (Brazil)
_x1980-2595
_gv. 3(10) p. 30-31; (Sep 2005)
_wBR2024002416
942 _cAnalítica
999 _c300840
_d300840